Photo to Country - Statistics

General Stats
  • This quiz has been taken 60 times
  • The average score is 12 of 16
Answer Stats
Picture Answer % Correct
China
100%
United States
100%
Japan
98%
United Kingdom
98%
Brazil
93%
France
89%
Greece
85%
Italy
85%
Cambodia
74%
Turkey
72%
Malaysia
70%
South Korea
67%
South Africa
65%
Portugal
48%
Bhutan
41%
Finland
41%
No matching quizzes found
Score Distribution
Percent of People with Each Score
Percentile by Number Answered
Your Score History
You have not taken this quiz